000 00348cam a2200133ua 4500
999 _c15381
_d15381
020 _a9788121928229
082 _a624.17
_bKHU/ST
100 _aKhurmi, R. S.
_93064
245 _aStrength of Materials: (Mechanics of Solids) (SI Units)
250 _a24 / rev ed.
260 _aNew Delhi :
_bS.Chand and Co ,
_c2016
300 _a924p
942 _cBBS